[Event "Meister-Talente"]
[Site "Emanuel Lasker Arena"]
[Date "2020.11.06"]
[Round "8"]
[White "Jan2020"]
[Black "Opel 2004"]
[Result "0-1"]
[WhiteElo "1851"]
[BlackElo "1732"]
[Annotator "NA RC"]
[PlyCount "122"]
[EventDate "2020.11.06"]
[EventType "tourn (blitz)"]

1. Nf3 {[%emt 0:00:02]} e6 {[%emt 0:00:05]} 2. c4 {[%emt 0:00:02]} Nf6 {[%emt 0:00:05]} 3. Nc3 {[%emt 0:00:05]} c5 {[%emt 0:00:08]} 4. e3 {[%emt 0:00:16]} b6 {[%emt 0:00:02]} 5. d4 {[%emt 0:00:03]} cxd4 {[%emt 0:00:03]} 6. exd4 {[%emt 0:00:01]} Bb7 {[%emt 0:00:03]} 7. Be2 {[%emt 0:00:02] Opel 2004 reconnected.} Be7 {[%emt 0:00:01]} 8. O-O {[%emt 0:00:21]} O-O {[%emt 0:00:02]} 9. Bf4 {[%emt 0:00:06]} d6 {[%emt 0:00:02]} 10. Nd2 {[%emt 0:00:18]} a6 {[%emt 0:00:05]} 11. Bf3 {[%emt 0:00:01] Opel 2004 reconnected.} Bxf3 {[%emt 0:00:01]} 12. Qxf3 {[%emt 0:00:00]} Ra7 {[%emt 0:00:00] Opel 2004 reconnected.} 13. Rfe1 {[%emt 0:00:33] Opel 2004 reconnected.} Rd7 {[%emt 0:00:12]} 14. Qe2 {[%emt 0:00:13]} d5 {[%emt 0:00:08] Opel 2004 reconnected.} 15. cxd5 {[%emt 0:00:44]} Nxd5 {[%emt 0:00:02]} 16. Bxb8 {[%emt 0:00:29]} Qxb8 {[%emt 0:00:13]} 17. Qxa6 {[%emt 0:00:01] Opel 2004 reconnected. Opel 2004 reconnected. '} Nb4 {[%emt 0:00:21]} 18. Qa4 {[%emt 0:00:05]} Rxd4 {[%emt 0:00:07]} 19. Nf3 {[%emt 0:00:04]} Rf4 {[%emt 0:00:07]} 20. Re4 {[%emt 0:00:02]} Rxe4 {[%emt 0:00:10]} 21. Nxe4 {[%emt 0:00:00]} Qf4 {[%emt 0:00:01]} 22. Ng3 {[%emt 0:00:06]} h6 {[%emt 0:00:12]} 23. a3 {[%emt 0:00:03]} Nd5 {[%emt 0:00:09]} 24. Qxf4 {[%emt 0:00:02]} Nxf4 {[%emt 0:00:00]} 25. Rc1 {[%emt 0:00:03]} Rd8 {[%emt 0:00:06]} 26. Kf1 {[%emt 0:00:03]} Bf6 {[%emt 0:00:02]} 27. Ne2 {[%emt 0:00:05]} Bxb2 {[%emt 0:00:10]} 28. Rb1 {[%emt 0:00:03]} Nxe2 {[%emt 0:00:09]} 29. Rxb2 {[%emt 0:00:01]} Nf4 {[%emt 0:00:07]} 30. Rxb6 {[%emt 0:00:01] Opel 2004 reconnected.} Rd1+ {[%emt 0:00:08]} 31. Ne1 {[%emt 0:00:01]} Ra1 {[%emt 0:00:04]} 32. Rd6 {[%emt 0:00:03]} Rxa3 {[%emt 0:00:08]} 33. g3 {[%emt 0:00:01]} Nh3 {[%emt 0:00:05]} 34. Kg2 {[%emt 0:00:02]} Ng5 {[%emt 0:00:01]} 35. Rd4 {[%emt 0:00:04]} e5 {[%emt 0:00:05]} 36. Rd8+ {[%emt 0:00:01]} Kh7 {[%emt 0:00:02]} 37. Nd3 {[%emt 0:00:00]} Ne6 {[%emt 0:00:03]} 38. Rd7 {[%emt 0:00:02]} f6 {[%emt 0:00:06]} 39. Nb4 {[%emt 0:00:02]} Kg6 {[%emt 0:00:05]} 40. Rd6 {[%emt 0:00:03]} Nd4 {[%emt 0:00:04]} 41. Nc6 {[%emt 0:00:02]} Nf5 {[%emt 0:00:16]} 42. Rd7 {[%emt 0:00:03]} h5 {[%emt 0:00:05]} 43. Ne7+ {[%emt 0:00:02]} Nxe7 {[%emt 0:00:02]} 44. Rxe7 {[%emt 0:00:00]} Ra2 {[%emt 0:00:04]} 45. Rc7 {[%emt 0:00:03]} Kh6 {[%emt 0:00:02]} 46. Rc6 {[%emt 0:00:02]} Ra4 {[%emt 0:00:04]} 47. Rb6 {[%emt 0:00:03]} h4 {[%emt 0:00:02]} 48. h3 {[%emt 0:00:03]} Kg5 {[%emt 0:00:04]} 49. Rb7 {[%emt 0:00:03]} g6 {[%emt 0:00:01]} 50. Rh7 {[%emt 0:00:02]} hxg3 {[%emt 0:00:02]} 51. Kxg3 {[%emt 0:00:00]} Ra3+ {[%emt 0:00:01]} 52. Kg2 {[%emt 0:00:03]} f5 {[%emt 0:00:07]} 53. Re7 {[%emt 0:00:02]} e4 {[%emt 0:00:02]} 54. Re6 {[%emt 0:00:01]} Kh5 {[%emt 0:00:02]} 55. Kh2 {[%emt 0:00:05]} g5 {[%emt 0:00:02]} 56. Re5 {[%emt 0:00:02]} Rf3 {[%emt 0:00:01]} 57. Kg2 {[%emt 0:00:02]} Kh4 {[%emt 0:00:02]} 58. Re6 {[%emt 0:00:03]} Kh5 {[%emt 0:00:03]} 59. Re5 {[%emt 0:00:02]} g4 {[%emt 0:00:03]} 60. Rxe4 {[%emt 0:00:01]} fxe4 {[%emt 0:00:02]} 61. hxg4+ {[%emt 0:00:00]} Kxg4 {[%emt 0:00:01] Zeit (Lag: Av=4.76s, max=123.1s)} 0-1

[Event "Meister-Talente"]
[Site "Emanuel Lasker Arena"]
[Date "2020.11.06"]
[Round "8"]
[White "JR43"]
[Black "Torjaeger10"]
[Result "1-0"]
[WhiteElo "1681"]
[BlackElo "1725"]
[Annotator "NA RC"]
[PlyCount "105"]
[EventDate "2020.11.06"]
[EventType "tourn (blitz)"]
[WhiteTeam "SV Werder Bremen I"]

{Reuker, Jari (2394)} 1. d4 {[%emt 0:00:04]} d5 {[%emt 0:00:05]} 2. c4 {[%emt 0:00:01]} e6 {[%emt 0:00:03]} 3. Nf3 {[%emt 0:00:13]} Nf6 {[%emt 0:00:02]} 4. g3 {[%emt 0:00:00]} Be7 {[%emt 0:00:01]} 5. Bg2 {[%emt 0:00:01]} O-O {[%emt 0:00:00]} 6. Nc3 {[%emt 0:00:00]} dxc4 {[%emt 0:00:03]} 7. Ne5 {[%emt 0:00:01]} Nc6 {[%emt 0:00:00]} 8. Bxc6 {[%emt 0:00:01]} bxc6 {[%emt 0:00:00]} 9. Nxc6 {[%emt 0:00:00]} Qe8 {[%emt 0:00:00]} 10. Nxe7+ {[%emt 0:00:00]} Qxe7 {[%emt 0:00:00]} 11. Qa4 {[%emt 0:00:01]} c5 {[%emt 0:00:17]} 12. dxc5 {[%emt 0:00:00]} Qxc5 {[%emt 0:00:01]} 13. Be3 {[%emt 0:00:01]} Qh5 {[%emt 0:00:17]} 14. f3 {[%emt 0:00:24]} Bb7 {[%emt 0:00:04]} 15. O-O-O {[%emt 0:00:09]} Nd5 {[%emt 0:00:09]} 16. Nxd5 {[%emt 0:00:09]} Bxd5 {[%emt 0:00:00]} 17. Bd4 {[%emt 0:00:10]} e5 {[%emt 0:00:07]} 18. Bc5 {[%emt 0:00:16]} Rfd8 {[%emt 0:00:14]} 19. Be7 {[%emt 0:00:11]} Qh6+ {[%emt 0:00:20]} 20. Kb1 {[%emt 0:00:10]} Bc6 {[%emt 0:00:06]} 21. Qxc4 {[%emt 0:01:01]} Rxd1+ {[%emt 0:01:12]} 22. Rxd1 {[%emt 0:00:00]} Rc8 {[%emt 0:00:05]} 23. Rd6 {[%emt 0:00:28]} Qxh2 {[%emt 0:00:33]} 24. Rxc6 {[%emt 0:00:02]} Rxc6 {[%emt 0:00:00]} 25. Qxc6 {[%emt 0:00:01]} h6 {[%emt 0:00:00]} 26. Qa8+ {[%emt 0:00:05]} Kh7 {[%emt 0:00:02]} 27. Qe4+ {[%emt 0:00:00]} Kg8 {[%emt 0:00:06]} 28. Qxe5 {[%emt 0:00:02]} Qf2 {[%emt 0:00:02]} 29. a3 {[%emt 0:00:03]} Qe1+ {[%emt 0:00:02]} 30. Ka2 {[%emt 0:00:01]} Qd1 {[%emt 0:00:00]} 31. Qb8+ {[%emt 0:00:04]} Kh7 {[%emt 0:00:01]} 32. Qe5 {[%emt 0:00:02]} a5 {[%emt 0:00:04]} 33. Qe4+ {[%emt 0:00:03]} Kg8 {[%emt 0:00:02]} 34. Bc5 {[%emt 0:00:02]} a4 {[%emt 0:00:02]} 35. Qc4 {[%emt 0:00:06]} h5 {[%emt 0:00:02]} 36. Qd3 {[%emt 0:00:05]} Qf1 {[%emt 0:00:05]} 37. b3 {[%emt 0:00:04]} axb3+ {[%emt 0:00:03]} 38. Kxb3 {[%emt 0:00:00]} g5 {[%emt 0:00:02]} 39. a4 {[%emt 0:00:01]} h4 {[%emt 0:00:02]} 40. gxh4 {[%emt 0:00:00]} gxh4 {[%emt 0:00:00]} 41. Qd8+ {[%emt 0:00:01]} Kg7 {[%emt 0:00:02]} 42. Qg5+ {[%emt 0:00:01]} Kh7 {[%emt 0:00:02]} 43. Qxh4+ {[%emt 0:00:01]} Kg6 {[%emt 0:00:00]} 44. Qe4+ {[%emt 0:00:01]} f5 {[%emt 0:00:02]} 45. Qe6+ {[%emt 0:00:02]} Kg5 {[%emt 0:00:01]} 46. Be3+ {[%emt 0:00:01]} Kh4 {[%emt 0:00:02]} 47. Qh6+ {[%emt 0:00:07]} Kg3 {[%emt 0:00:01]} 48. Bf4+ {[%emt 0:00:03]} Kf2 {[%emt 0:00:02]} 49. Qh2+ {[%emt 0:00:02]} Ke1 {[%emt 0:00:01]} 50. Kc2 {[%emt 0:00:09]} Qg2 {[%emt 0:00:06]} 51. Bd2+ {[%emt 0:00:03]} Kf1 {[%emt 0:00:06]} 52. Qxg2+ {[%emt 0:00:02]} Kxg2 {[%emt 0:00:00]} 53. f4 {[%emt 0:00:01] Torjaeger10 resigns (Lag: Av=0.43s, max=1.2s)} 1-0

[Event "Meister-Talente"]
[Site "Emanuel Lasker Arena"]
[Date "2020.11.06"]
[Round "9"]
[White "Psammenitos."]
[Black "Tschigorinfan97"]
[Result "1/2-1/2"]
[WhiteElo "2490"]
[BlackElo "2141"]
[Annotator "NA RC"]
[PlyCount "103"]
[EventDate "2020.11.06"]
[EventType "tourn (blitz)"]

1. d4 {[%emt 0:00:01]} e6 {[%emt 0:00:05]} 2. Nf3 {[%emt 0:00:14]} Nf6 {[%emt 0:00:02]} 3. g3 {[%emt 0:00:01]} b6 {[%emt 0:00:01]} 4. Bg2 {[%emt 0:00:01]} Bb7 {[%emt 0:00:01]} 5. O-O {[%emt 0:00:00]} Be7 {[%emt 0:00:01]} 6. c4 {[%emt 0:00:00]} O-O {[%emt 0:00:01]} 7. Nc3 {[%emt 0:00:00]} Ne4 {[%emt 0:00:01]} 8. Nxe4 {[%emt 0:00:00]} Bxe4 {[%emt 0:00:01]} 9. Ne1 {[%emt 0:00:00]} Bxg2 {[%emt 0:00:01]} 10. Nxg2 {[%emt 0:00:00]} d5 {[%emt 0:00:01]} 11. Qa4 {[%emt 0:00:01]} c5 {[%emt 0:00:11]} 12. Rd1 {[%emt 0:00:13]} cxd4 {[%emt 0:00:20]} 13. cxd5 {[%emt 0:00:02]} e5 {[%emt 0:00:13]} 14. e3 {[%emt 0:00:07]} Bf6 {[%emt 0:00:16]} 15. exd4 {[%emt 0:00:02]} exd4 {[%emt 0:00:00]} 16. Nf4 {[%emt 0:00:09]} g6 {[%emt 0:00:12]} 17. b3 {[%emt 0:00:11]} Nd7 {[%emt 0:00:14]} 18. Bb2 {[%emt 0:00:03]} Nc5 {[%emt 0:00:03]} 19. Qc4 {[%emt 0:00:11]} Rc8 {[%emt 0:00:37]} 20. Bxd4 {[%emt 0:00:04]} Ne6 {[%emt 0:00:02]} 21. Bxf6 {[%emt 0:01:22]} Qxf6 {[%emt 0:00:02]} 22. Qe4 {[%emt 0:00:06]} Nxf4 {[%emt 0:00:07]} 23. Qxf4 {[%emt 0:00:00]} Qxf4 {[%emt 0:00:04]} 24. gxf4 {[%emt 0:00:00]} Rfd8 {[%emt 0:00:05]} 25. Rd2 {[%emt 0:00:06]} Kf8 {[%emt 0:00:06]} 26. d6 {[%emt 0:00:06]} Rc5 {[%emt 0:00:16]} 27. Kg2 {[%emt 0:00:02]} Rf5 {[%emt 0:00:13]} 28. Rd4 {[%emt 0:00:05]} Rc5 {[%emt 0:00:16]} 29. Re1 {[%emt 0:00:06]} Rc6 {[%emt 0:00:05]} 30. Red1 {[%emt 0:00:18]} Rc2 {[%emt 0:00:08]} 31. a4 {[%emt 0:00:03]} Rc3 {[%emt 0:00:07]} 32. b4 {[%emt 0:00:02]} Rd7 {[%emt 0:00:08]} 33. R1d3 {[%emt 0:00:11]} Rc6 {[%emt 0:00:04]} 34. Kg3 {[%emt 0:00:06]} f6 {[%emt 0:00:02]} 35. b5 {[%emt 0:00:06]} Rc5 {[%emt 0:00:02]} 36. Rd5 {[%emt 0:00:01]} Rc4 {[%emt 0:00:02]} 37. R3d4 {[%emt 0:00:05]} Rxd4 {[%emt 0:00:03]} 38. Rxd4 {[%emt 0:00:01]} Kf7 {[%emt 0:00:00]} 39. f5 {[%emt 0:00:01]} gxf5 {[%emt 0:00:01]} 40. Kf4 {[%emt 0:00:00]} Ke6 {[%emt 0:00:01]} 41. Rd3 {[%emt 0:00:10]} Rxd6 {[%emt 0:00:01]} 42. Rxd6+ {[%emt 0:00:01]} Kxd6 {[%emt 0:00:00]} 43. Kxf5 {[%emt 0:00:00]} Ke7 {[%emt 0:00:01]} 44. f4 {[%emt 0:00:02]} Kf7 {[%emt 0:00:01]} 45. Ke4 {[%emt 0:00:02]} Ke6 {[%emt 0:00:01]} 46. f5+ {[%emt 0:00:00]} Kd6 {[%emt 0:00:02]} 47. Kd4 {[%emt 0:00:00]} h6 {[%emt 0:00:03]} 48. h3 {[%emt 0:00:04]} Ke7 {[%emt 0:00:04]} 49. Ke3 {[%emt 0:00:08]} Kd6 {[%emt 0:00:04]} 50. Kd4 {[%emt 0:00:01]} Ke7 {[%emt 0:00:01]} 51. Ke3 {[%emt 0:00:02]} Kd6 {[%emt 0:00:03]} 52. Kd4 {[%emt 0:00:01] (Lag: Av=1.07s, max=3.1s)} 1/2-1/2

[Event "Meister-Talente"]
[Site "Emanuel Lasker Arena"]
[Date "2020.11.06"]
[Round "9"]
[White "Beyond_uoschi"]
[Black "Jan2020"]
[Result "1-0"]
[WhiteElo "2114"]
[BlackElo "1829"]
[Annotator "NA RC"]
[PlyCount "103"]
[EventDate "2020.11.06"]
[EventType "tourn (blitz)"]

1. d4 {[%emt 0:00:02]} d5 {[%emt 0:00:03]} 2. c4 {[%emt 0:00:01]} c6 {[%emt 0:00:01]} 3. cxd5 {[%emt 0:00:01]} cxd5 {[%emt 0:00:00]} 4. Bg5 {[%emt 0:00:00]} Nc6 {[%emt 0:00:06]} 5. Nc3 {[%emt 0:00:01]} h6 {[%emt 0:00:01]} 6. Bh4 {[%emt 0:00:01]} Bf5 {[%emt 0:00:01]} 7. e3 {[%emt 0:00:10]} Nf6 {[%emt 0:00:12]} 8. Bxf6 {[%emt 0:00:02]} exf6 {[%emt 0:00:04]} 9. Bd3 {[%emt 0:00:00]} Bxd3 {[%emt 0:00:06]} 10. Qxd3 {[%emt 0:00:00]} Qd7 {[%emt 0:00:14]} 11. Nge2 {[%emt 0:00:03]} Be7 {[%emt 0:00:08]} 12. Nf4 {[%emt 0:00:17]} Nb4 {[%emt 0:00:20]} 13. Qe2 {[%emt 0:00:15]} g5 {[%emt 0:00:22]} 14. Nd3 {[%emt 0:00:10]} Nxd3+ {[%emt 0:00:06]} 15. Qxd3 {[%emt 0:00:00]} Bb4 {[%emt 0:00:16]} 16. O-O {[%emt 0:00:01]} Bxc3 {[%emt 0:00:03]} 17. Qxc3 {[%emt 0:00:00]} O-O {[%emt 0:00:08]} 18. Rfc1 {[%emt 0:00:03]} Rac8 {[%emt 0:00:03]} 19. Qa5 {[%emt 0:00:10]} a6 {[%emt 0:00:15]} 20. Qb6 {[%emt 0:00:15]} Kg7 {[%emt 0:00:12]} 21. g3 {[%emt 0:00:05]} Rxc1+ {[%emt 0:00:25]} 22. Rxc1 {[%emt 0:00:00]} Rc8 {[%emt 0:00:01]} 23. Rc5 {[%emt 0:00:05]} Rxc5 {[%emt 0:00:03]} 24. dxc5 {[%emt 0:00:12]} h5 {[%emt 0:00:27]} 25. Qb4 {[%emt 0:00:52]} Kg6 {[%emt 0:00:04]} 26. Qd4 {[%emt 0:00:02]} f5 {[%emt 0:00:02]} 27. a4 {[%emt 0:00:04]} f6 {[%emt 0:00:01]} 28. h3 {[%emt 0:00:04]} f4 {[%emt 0:00:04]} 29. exf4 {[%emt 0:00:07]} Qxh3 {[%emt 0:00:02]} 30. fxg5 {[%emt 0:00:01]} fxg5 {[%emt 0:00:02]} 31. Qxd5 {[%emt 0:00:02]} Qc8 {[%emt 0:00:05]} 32. Qd6+ {[%emt 0:00:03]} Kg7 {[%emt 0:00:02]} 33. b4 {[%emt 0:00:01]} Qc6 {[%emt 0:00:03]} 34. Qxc6 {[%emt 0:00:10]} bxc6 {[%emt 0:00:00]} 35. b5 {[%emt 0:00:00]} axb5 {[%emt 0:00:06]} 36. axb5 {[%emt 0:00:00]} cxb5 {[%emt 0:00:02]} 37. c6 {[%emt 0:00:00]} Kf6 {[%emt 0:00:01]} 38. c7 {[%emt 0:00:00]} b4 {[%emt 0:00:01]} 39. c8=Q {[%emt 0:00:00]} b3 {[%emt 0:00:01]} 40. Qc3+ {[%emt 0:00:01]} Kg6 {[%emt 0:00:03]} 41. Qxb3 {[%emt 0:00:00]} Kf5 {[%emt 0:00:02]} 42. Qd5+ {[%emt 0:00:01]} Kf6 {[%emt 0:00:00]} 43. f4 {[%emt 0:00:02]} Kg7 {[%emt 0:00:00]} 44. Qxg5+ {[%emt 0:00:02]} Kf8 {[%emt 0:00:00]} 45. Qxh5 {[%emt 0:00:01]} Ke7 {[%emt 0:00:01]} 46. Qg6 {[%emt 0:00:01]} Kd8 {[%emt 0:00:00]} 47. Qf7 {[%emt 0:00:01]} Kc8 {[%emt 0:00:02]} 48. Qe7 {[%emt 0:00:01]} Kb8 {[%emt 0:00:00]} 49. f5 {[%emt 0:00:00]} Ka8 {[%emt 0:00:00]} 50. f6 {[%emt 0:00:00]} Kb8 {[%emt 0:00:00]} 51. f7 {[%emt 0:00:00]} Ka8 {[%emt 0:00:01]} 52. f8=Q# {[%emt 0:00:00] (Lag: Av=0.43s, max=0.8s)} 1-0

[Event "Meister-Talente"]
[Site "Emanuel Lasker Arena"]
[Date "2020.11.06"]
[Round "9"]
[White "HannesFM"]
[Black "PeterLaFleur"]
[Result "0-1"]
[WhiteElo "2075"]
[BlackElo "2173"]
[Annotator "TA"]
[PlyCount "102"]
[EventDate "2020.11.06"]
[EventType "tourn (blitz)"]

{[%evp 10,102,29,-7,26,0,40,41,41,25,26,15,7,13,15,-87,-95,-105,-108,-269,-24,-26,-33,-19,-28,-25,-27,-27,-33,-26,-25,-18,0,0,0,0,0,0,13,-7,-4,-8,-9,-17,0,0,0,0,0,0,0,0,0,0,0,0,37,6,20,16,18,24,14,6,6,0,0,0,2,0,0,-554,-545,-543,-543,-531,-527,-560,-555,-535,-531,-637,-620,-677,-621,-12831,-12826,-2174,-1902,-1737,-1591,-12843,-12843,-12843,-12843]} 1. Nc3 d5 2. e4 c6 3. Nf3 Bg4 4. h3 Bxf3 5. Qxf3 e6 6. g3 Nd7 {B11: Caro-Kann: Two Knights Variation.} 7. Bg2 g6 (7... d4 $5 {[%cal Rd4c3]} 8. Ne2 Bc5 $11) 8. O-O Bg7 {White is slightly better.} 9. d3 Ne7 10. Bd2 O-O 11. Rfe1 Qb6 {[#]} 12. b3 $146 (12. a4 $11 {keeps the balance.}) ({Predecessor:} 12. Rab1 Rae8 13. Qe2 Nf6 14. Kh2 d4 15. Na4 Qc7 16. b3 c5 17. Nb2 b5 18. a4 {0-1 (60) Arndt,M (1767)-Niesel,T (1902) Lingen 2015}) 12... Qc5 $17 13. Na4 Qxc2 14. Bb4 $2 {[#]} (14. Qd1 $17 Qxd1 15. Raxd1) 14... Ne5 $2 (14... Bxa1 $19 15. Rxa1 c5) 15. Qd1 $11 Qxd1 16. Raxd1 Rfe8 17. d4 Nd7 18. Bxe7 $1 Rxe7 19. exd5 $1 cxd5 20. Bxd5 Nb6 21. Nxb6 axb6 22. Bc4 Rd7 23. d5 Rad8 {[%cal Re6d5]} 24. Re2 exd5 25. Red2 {[%cal Rd2d5]} d4 26. a4 Re7 27. Kf1 Kf8 28. Re2 Rc7 29. Re4 Bf6 30. Ke2 Rc5 31. Kd3 Rf5 32. f4 h5 33. Rde1 {Black should prevent g4.} Rc5 34. g4 hxg4 35. hxg4 g5 36. fxg5 Rxg5 37. Rf1 Kg7 38. Ref4 Rd6 39. R1f2 Re5 40. Kd2 $2 {[%mdl 8192] [#]} (40. R2f3 $11 {and White has nothing to worry.}) 40... Bg5 $19 {Black is clearly winning.} 41. Kc2 Bxf4 42. Rxf4 {[%mdl 4096] Endgame KRR-KRB} f6 43. Kd3 Re3+ 44. Kd2 Rg3 45. Re4 Kg6 46. Re7 Rxg4 47. Rxb7 Rg2+ 48. Kd3 Rg3+ 49. Kd2 d3 50. Re7 Rg2+ 51. Kd1 d2 {Av CentiPawn Loss W=179/B=-19. Weighted=24/-30} 0-1

[Event "Meister-Talente"]
[Site "Emanuel Lasker Arena"]
[Date "2020.11.06"]
[Round "9"]
[White "Johvon"]
[Black "JR43"]
[Result "0-1"]
[WhiteElo "1916"]
[BlackElo "1751"]
[Annotator "NA RC"]
[PlyCount "48"]
[EventDate "2020.11.06"]
[EventType "tourn (blitz)"]
[BlackTeam "SV Werder Bremen I"]

{- Reuker, Jari (2394)} 1. d4 {[%emt 0:00:09]} d5 {[%emt 0:00:02]} 2. c4 {[%emt 0:00:01]} e6 {[%emt 0:00:01]} 3. Nf3 {[%emt 0:00:03]} c6 {[%emt 0:00:01]} 4. g3 {[%emt 0:00:01]} dxc4 {[%emt 0:00:01]} 5. Bg2 {[%emt 0:00:03]} b5 {[%emt 0:00:03]} 6. a4 {[%emt 0:00:14]} Bb7 {[%emt 0:00:03]} 7. O-O {[%emt 0:00:14]} Nd7 {[%emt 0:00:02]} 8. Nc3 {[%emt 0:00:05]} a6 {[%emt 0:00:34]} 9. e4 {[%emt 0:00:08]} Ngf6 {[%emt 0:00:05]} 10. Qe2 {[%emt 0:00:33]} Be7 {[%emt 0:00:06]} 11. Rd1 {[%emt 0:00:19]} O-O {[%emt 0:00:05]} 12. Ne5 {[%emt 0:00:13]} Qc7 {[%emt 0:01:13]} 13. Bf4 {[%emt 0:00:14]} Nxe5 {[%emt 0:00:01]} 14. Bxe5 {[%emt 0:00:14]} Qb6 {[%emt 0:00:03]} 15. d5 {[%emt 0:00:28]} cxd5 {[%emt 0:00:11]} 16. exd5 {[%emt 0:00:06]} exd5 {[%emt 0:00:06]} 17. Bd4 {[%emt 0:00:15]} Bc5 {[%emt 0:00:01]} 18. a5 {[%emt 0:00:10]} Qd6 {[%emt 0:00:08]} 19. Bxf6 {[%emt 0:00:03]} Qxf6 {[%emt 0:00:01]} 20. Nxd5 {[%emt 0:00:04]} Bxd5 {[%emt 0:00:13]} 21. Rxd5 {[%emt 0:00:00]} Rae8 {[%emt 0:00:18]} 22. Qh5 {[%emt 0:00:05]} Qxf2+ {[%emt 0:00:04]} 23. Kh1 {[%emt 0:00:04]} Re1+ {[%emt 0:00:01]} 24. Bf1 {[%emt 0:00:03]} Qg1# {[%emt 0:00:02] (Lag: Av=0.52s, max=0.9s)} 0-1

[Event "Meister-Talente"]
[Site "Emanuel Lasker Arena"]
[Date "2020.11.06"]
[Round "9"]
[White "Opel 2004"]
[Black "Sreyas2008"]
[Result "0-1"]
[WhiteElo "1754"]
[BlackElo "1869"]
[Annotator "NA RC"]
[PlyCount "56"]
[EventDate "2020.11.06"]
[EventType "tourn (blitz)"]

1. e4 {[%emt 0:00:04]} e5 {[%emt 0:00:03]} 2. Nf3 {[%emt 0:00:00]} Nc6 {[%emt 0:00:01]} 3. Bc4 {[%emt 0:00:01]} Bc5 {[%emt 0:00:02]} 4. O-O {[%emt 0:00:01]} Nf6 {[%emt 0:00:01]} 5. d3 {[%emt 0:00:01]} d6 {[%emt 0:00:01]} 6. c3 {[%emt 0:00:01]} O-O {[%emt 0:00:04]} 7. Bb3 {[%emt 0:00:08]} Bb6 {[%emt 0:00:02]} 8. h3 {[%emt 0:00:09]} Be6 {[%emt 0:00:03]} 9. Nbd2 {[%emt 0:00:02]} Qd7 {[%emt 0:00:03]} 10. Bxe6 {[%emt 0:00:07]} fxe6 {[%emt 0:00:02]} 11. Nc4 {[%emt 0:00:09] Opel 2004 reconnected.} Qf7 {[%emt 0:00:15]} 12. Re1 {[%emt 0:00:04]} Nh5 {[%emt 0:00:06]} 13. d4 {[%emt 0:00:05]} exd4 {[%emt 0:00:09]} 14. cxd4 {[%emt 0:00:02]} Nxd4 {[%emt 0:00:05]} 15. Nxb6 {[%emt 0:00:10]} Nxf3+ {[%emt 0:00:04]} 16. Qxf3 {[%emt 0:00:11]} Qxf3 {[%emt 0:00:05]} 17. gxf3 {[%emt 0:00:02]} axb6 {[%emt 0:00:01] Opel 2004 reconnected. Opel 2004 reconnected.} 18. Re3 {[%emt 0:00:09]} Nf4 {[%emt 0:00:05]} 19. Kh2 {[%emt 0:00:04]} e5 {[%emt 0:00:01]} 20. Bd2 {[%emt 0:00:07]} c6 {[%emt 0:00:06]} 21. Rb3 {[%emt 0:00:03]} Ne6 {[%emt 0:00:06]} 22. Kg3 {[%emt 0:00:26] Opel 2004 reconnected.} Nd4 {[%emt 0:00:03]} 23. Rd3 {[%emt 0:00:02]} Rf6 {[%emt 0:00:07]} 24. Bc3 {[%emt 0:00:09]} Ne2+ {[%emt 0:00:02]} 25. Kh2 {[%emt 0:00:01]} Raf8 {[%emt 0:00:03] Opel 2004 reconnected.} 26. Re1 {[%emt 0:00:01]} Nf4 {[%emt 0:00:09] Opel 2004 reconnected.} 27. Rd2 {[%emt 0:00:01]} Rh6 {[%emt 0:00:02]} 28. Red1 {[%emt 0:00:16]} Rff6 {[%emt 0:00:05] Opel 2004 reconnected. Opel 2004 reconnected. Zeit (Lag: Av=0.31s, max=0.5s) Opel 2004 reconnected.} 0-1